Report of the Comptroller and Auditor General of India, Union Government (Commercial): (Record no. 508223)

000 -LEADER
fixed length control field 00581cam a22001457a 4500
008 - FIXED-LENGTH DATA ELEMENTS--GENERAL INFORMATION
fixed length control field 180718b-- xxu||||| |||| 00| 0 eng d
082 ## - DEWEY DECIMAL CLASSIFICATION NUMBER
Classification number L906x54 COM/1991-92/No/3
100 ## - MAIN ENTRY--PERSONAL NAME
Personal name India. Comptroller and Auditor General of India
9 (RLIN) 590
245 ## - TITLE STATEMENT
Title Report of the Comptroller and Auditor General of India, Union Government (Commercial):
Remainder of title Audit observations
260 ## - PUBLICATION, DISTRIBUTION, ETC. (IMPRINT)
Place of publication, distribution, etc New Delhi
Name of publisher, distributor, etc Comptroller and Auditor General of India
Date of publication, distribution, etc 1992
300 ## - PHYSICAL DESCRIPTION
Extent 200p.
500 ## - GENERAL NOTE
General note Library has 1991/92-1992/93, 1994/95-1999/2000
650 ## - SUBJECT ADDED ENTRY--TOPICAL TERM
Topical term or geographic name as entry element Business enterprises - Auditing - India
9 (RLIN) 3180
942 ## - ADDED ENTRY ELEMENTS (KOHA)
Source of classification or shelving scheme

No items available.

Powered by Koha